Statistics for countries BCD travel operate in

Click here to take the quiz!

General Stats

  • This quiz has been taken 3 times
  • The average score is 82 of 101

Answer Stats

Answer% Correct
Algeria
100%
Argentina
100%
Australia
100%
Belgium
100%
Brazil
100%
Canada
100%
China
100%
Congo
100%
Denmark
100%
Dominican Republic
100%
DR Congo
100%
Egypt
100%
Estonia
100%
Finland
100%
France
100%
Germany
100%
Greece
100%
India
100%
Italy
100%
Japan
100%
Mexico
100%
Netherlands
100%
New Zealand
100%
Nigeria
100%
Norway
100%
Pakistan
100%
Paraguay
100%
Peru
100%
Philippines
100%
Poland
100%
Portugal
100%
Qatar
100%
Russia
100%
Slovakia
100%
South Africa
100%
South Korea
100%
Spain
100%
Sri Lanka
100%
Sweden
100%
Thailand
100%
Turkey
100%
UAE
100%
UK
100%
Ukraine
100%
Uruguay
100%
USA
100%
Austria
67%
Azerbaijan
67%
Bahrain
67%
Bangladesh
67%
Bolivia
67%
Bulgaria
67%
Burundi
67%
Cambodia
67%
Cameroon
67%
Chile
67%
Colombia
67%
Costa Rica
67%
Croatia
67%
Ecuador
67%
El Salvador
67%
Ghana
67%
Guatemala
67%
Honduras
67%
Hong Kong
67%
Hungary
67%
Indonesia
67%
Ireland
67%
Israel
67%
Ivory Coast
67%
Jordan
67%
Kazakhstan
67%
Kenya
67%
Kuwait
67%
Latvia
67%
Lithuania
67%
Luxembourg
67%
Madagascar
67%
Malaysia
67%
Mauritania
67%
Morocco
67%
Mozambique
67%
Namibia
67%
Nicaragua
67%
Oman
67%
Romania
67%
Rwanda
67%
Serbia
67%
Singapore
67%
Slovenia
67%
Switzerland
67%
Taiwan
67%
Tanzania
67%
Uganda
67%
Uzbekistan
67%
Venezuela
67%
Vietnam
67%
Zimbabwe
67%
Czechia
33%
Lebanon
33%
Yemen
33%

Score Distribution

Percentile by Number Answered

Percent of People with Each Score

Your Score History

You have not taken this quiz